LEADER 01090nam a2200253 i 4500 001 000000071842 003 CaOOAMICUS 005 20060119000000.0 008 060119s1985 gw u000 u ger u 013 $a43014 020 $a3-451-08192-X 040 $aSeMil$bita 100 1 $aVorgrimler, Herbert,$d<1929-2014>.$0(OLS)http://semarc/name/2576 245 10$aKarl Rahner verstehen :$beine Einführung in sein Leben und Denken /$cHerbert Vorgrimler. 260 $aFreiburg [etc.] :$bHerder,$c1985. 300 $a221 p. ;$c19 cm. 490 0 $aHerder-Bücherei ;$v1192 600 14$aRahner, Karl .$0(OLS)http://semarc/subject/7673 830 0$aHerder-Bücherei ;$v1192.$0(OLS)http://semarc/title/10254 850 $aSeMil 852 $aSeMil$W1$xVenegono$y1$m2RA II 43$j37995$B37995$CSeMilBibl$Z2$F37998 $81 996 $6020$a3-451-08192-X$9(OLS)http://semarc/number/51037 996 $6245$aKarl Rahner verstehen :$beine Einführung in sein Leben und Denken$9(OLS)http://semarc/title/115666 996 $6260$aFreiburg [etc.] :$bHerder$9(OLS)http://semarc/publisher/29649 LEADER 01279nam a2200277 i 4500 001 000000081270 003 CaOOAMICUS 005 20230911104152.0 008 180109s1948 it u000 u ita u 040 $aSeMil$bita 100 1 $aBoulard, Fernand.$0(OLS)http://semarc/name/25352 245 10$aNelle parrocchie di campagna /$cF. Boulard ; prefazione dell'Autore all'edizione italiana ; introduzione, traduzione e riduzione di don Giovanni Barra. 264 1$aBrescia :$bMorcelliana,$c1948. 300 $a186 p. ;$c18 cm. 490 1 $aDocumentazioni ed esperienze pastorali ;$v3 650 4$aTeologia sistematica.$0(OLS)http://semarc/subject/598 650 4$aParrocchie rurali.$0(OLS)http://semarc/subject/54306 650 4$aPastorale.$0(OLS)http://semarc/subject/3408 700 1 $aBarra, Giovanni,$d<1914-1975>.$0(OLS)http://semarc/name/2757 830 0$aDocumentazioni ed esperienze pastorali ;$v3.$0(OLS)http://semarc/title/6524 850 $aSeMil 852 $aSeMil$W1$xVenegono$y1$m2F I 472$j46545$B46545$CSeMilBibl$Z2$F48869 $81 961 $aRecupero: Seminario di Seveso 996 $6245$aNelle parrocchie di campagna$9(OLS)http://semarc/title/404427 996 $6264$aBrescia :$bMorcelliana$9(OLS)http://semarc/publisher/29629